| 000 | 00540nam a2200217Ia 4500 | ||
|---|---|---|---|
| 005 | 20250425162456.0 | ||
| 008 | 250425s9999 xx 000 0 und d | ||
| 020 | _a9780136114994 | ||
| 041 | _aeng | ||
| 082 | _a621.3192 | ||
| 100 | _aNILSSON, JAMES W. | ||
| 245 | 0 | _aELECTRIC CIRCUITS | |
| 250 | _a9TH ED. | ||
| 260 |
_aEstados Unidos _bPRENTICE HALL _c2011 |
||
| 260 | _aUPPER SADDLE RIVER | ||
| 300 | _a794 | ||
| 650 | _aANALISIS DE CIRCUITOS ELECTRICOS | ||
| 650 | _aCIRCUITOS ELECTRICOS | ||
| 942 | _c01 | ||
| 010 | _a76597 | ||
| 999 |
_c230018 _d230018 |
||